000 00612nam a2200277Ia 4500
005 20260320195836.0
008 008 262003s9999 xx 000 0 hin d
020 _a9788183614290
037 _aEBOOK
040 _aCRL
040 _bhin
040 _cCRL
041 _2hin
041 _ahin
084 _qCRL
100 _aशिवानी
_91132878
245 0 _aवातायन
250 _a3rd
260 _bRajkamal
260 _c2011
300 _a92
856 _uhttps://ebook.indiaread.in/pdfs/vatayan.pdf
942 _cEBOOK
999 _c1716793
_d1716793